| 000 | 00388nam a2200157Ia 4500 | ||
|---|---|---|---|
| 100 | _aMandal/Mrinal/ Asif/Amir | ||
| 650 | _aDiscrete time signals | ||
| 942 | _cBK | ||
| 366 | _f25 | ||
| 654 | _acontinuous | ||
| 245 | _aContinuous and Discrete time signals and systems | ||
| 260 |
_bCambride University press _c2007 |
||
| 082 |
_a3.83 _bMAN |
||
| 300 | _a865 | ||
| 546 |
_aENGLISH _cTTL |
||
| 999 |
_c32630 _d32630 |
||